| 000 | 00972nam a22002537a 4500 | ||
|---|---|---|---|
| 005 | 20170124103040.0 | ||
| 010 | _aA-402913 | ||
| 020 | _c30.00 | ||
| 035 | _aA-402913 | ||
| 037 | _bCen Lib/Ret | ||
| 040 |
_aDPL _bHN |
||
| 082 |
_aउ _bइन्द्रस्व |
||
| 100 |
_aइन्द्र स्वप्न _967022 |
||
| 245 |
_aगुरुमंत्र / _cइन्द्र स्वप्न |
||
| 246 |
_aGurumantra / _bby Indra Swapan |
||
| 260 |
_aनयी दिल्ली _bप्रज्ञा प्रकाशन मंच _c1989 |
||
| 270 |
_aसी-54, शिवाजी पार्क _bनयी दिल्ली _e110026 |
||
| 300 |
_a100पृ. _c21सेमी (सजिल्द) |
||
| 650 |
_aहिन्दी साहित्य _967023 |
||
| 650 |
_aउपन्यास _967024 |
||
| 650 |
_aHindi literature _967025 |
||
| 650 |
_aFiction _98901 |
||
| 942 |
_2ddc _cHN _hउ _mइन्द्रस्व |
||
| 999 |
_c116533 _d116533 |
||